ACTIVATE YOUR SELF - NATURE DNA (Record no. 5172)
[ view plain ]
| 000 -LEADER | |
|---|---|
| fixed length control field | 00308nam a22001337a 4500 |
| 082 ## - DEWEY DECIMAL CLASSIFICATION NUMBER | |
| Classification number | 200 |
| Item number | GUO/A |
| 100 ## - MAIN ENTRY--AUTHOR NAME | |
| Personal name | GUORU,CHAN MASTER |
| 245 ## - TITLE STATEMENT | |
| Title | ACTIVATE YOUR SELF - NATURE DNA |
| 250 ## - EDITION STATEMENT | |
| Edition statement | SECOND |
| 260 ## - PUBLICATION, DISTRIBUTION, ETC. (IMPRINT) | |
| Place of publication | TAIWAN |
| Name of publisher | CHAN GROVE |
| 300 ## - PHYSICAL DESCRIPTION | |
| Number of Pages | 230 |
| 650 ## - SUBJECT ADDED ENTRY--TOPICAL TERM | |
| Topical Term | PERSONALITY DEVELOPMENT |
| Geographic subdivision | TAIWAN |
| 942 ## - ADDED ENTRY ELEMENTS (KOHA) | |
| Koha item type | Books |
| Withdrawn status | Lost status | Collection code | Home library | Current library | Shelving location | Date acquired | Source of acquisition | Full call number | Accession Number | Koha item type |
|---|---|---|---|---|---|---|---|---|---|---|
| Reference | Main Library | Main Library | SHELF-17G-PERSONALITY DEVELOPMENT BOOKS | 14/07/2016 | PURCHASE | 200 GUO/A | 04335 | Books |